[Event "Titled Tuesday intern op 28th Dec"]
[Site "Chess.com INT"]
[Date "2021.12.28"]
[Round "1"]
[White "Abdilkhair, Abilmansur"]
[Black "Perez Ponsa, Federico"]
[Result "0-1"]
[WhiteElo "2289"]
[BlackElo "2561"]
[PlyCount "60"]
[EventDate "2021.12.28"]
[EventType "swiss (blitz)"]
[EventRounds "11"]
[EventCountry "USA"]
[SourceTitle "CBM 206 Extra"]
[Source "ChessBase"]
[SourceDate "2022.03.31"]
[SourceVersion "1"]
[SourceVersionDate "2022.03.31"]
[SourceQuality "1"]

1. e4 c5 2. Nf3 d6 3. Bb5+ Nd7 4. Ba4 a6 5. c4 Ngf6 6. Nc3 g6 7. O-O Bg7 8. d4 O-O 9. Re1 cxd4 10. Nxd4 Nb6 11. Bb3 Bd7 12. f3 Rc8 13. Qd3 Qc7 14. Nd5 Nfxd5 15. cxd5 Nc4 16. Kh1 b5 17. Rb1 Qb6 18. Nc2 a5 19. Ne3 a4 20. Nxc4 bxc4 21. Bxc4 Qb4 22. Bg5 Qxc4 23. Qxc4 Rxc4 24. Bxe7 Rfc8 25. Bxd6 Rc2 26. b4 Bb5 27. Bc5 Rxa2 28. e5 a3 29. d6 Rd2 30. Rb3 a2 0-1

[Event "Titled Tuesday intern op 28th Dec"]
[Site "Chess.com INT"]
[Date "2021.12.28"]
[Round "1"]
[White "Alavkin, Arseny Nailievich"]
[Black "Begunov, Konstantin"]
[Result "1-0"]
[WhiteElo "2373"]
[BlackElo "2325"]
[PlyCount "71"]
[EventDate "2021.12.28"]
[EventType "swiss (blitz)"]
[EventRounds "11"]
[EventCountry "USA"]
[SourceTitle "CBM 206 Extra"]
[Source "ChessBase"]
[SourceDate "2022.03.31"]
[SourceVersion "1"]
[SourceVersionDate "2022.03.31"]
[SourceQuality "1"]

1. c4 c6 2. d4 d5 3. Nc3 Nf6 4. Nf3 dxc4 5. a4 Bg4 6. e3 e5 7. dxe5 Qxd1+ 8. Kxd1 Nfd7 9. Be2 Bxf3 10. gxf3 Nxe5 11. Kc2 Na6 12. Na2 O-O-O 13. Bd2 Nd3 14. Bc3 f6 15. Rhg1 Nac5 16. Rg4 b5 17. axb5 cxb5 18. Nc1 Kb7 19. b3 b4 20. Rxc4 bxc3 21. Nxd3 Nxd3 22. Bxd3 Rc8 23. Be4+ Kb8 24. Rxc8+ Kxc8 25. Rxa7 Bd6 26. Rxg7 Bxh2 27. Kxc3 h5 28. Kc4 h4 29. Bf5+ Kb8 30. Bh3 Be5 31. f4 Bb2 32. b4 Rd8 33. b5 Rd2 34. Kc5 Rxf2 35. Kb6 f5 36. Rg8# 1-0

[Event "Titled Tuesday intern op 28th Dec"]
[Site "Chess.com INT"]
[Date "2021.12.28"]
[Round "1"]
[White "Andersson, Bjorn2"]
[Black "Stoyanov, Tsvetan"]
[Result "0-1"]
[WhiteElo "2129"]
[BlackElo "2424"]
[PlyCount "86"]
[EventDate "2021.12.28"]
[EventType "swiss (blitz)"]
[EventRounds "11"]
[EventCountry "USA"]
[SourceTitle "CBM 206 Extra"]
[Source "ChessBase"]
[SourceDate "2022.03.31"]
[SourceVersion "1"]
[SourceVersionDate "2022.03.31"]
[SourceQuality "1"]

1. e4 e5 2. Nf3 Nc6 3. d4 exd4 4. Bb5 a6 5. Ba4 Nf6 6. O-O Bc5 7. e5 Nd5 8. c4 Nb6 9. Bxc6 dxc6 10. b3 Bg4 11. Nbd2 O-O 12. h3 Bf5 13. Re1 Re8 14. Ne4 Bb4 15. Bd2 Bxd2 16. Qxd2 Bxe4 17. Rxe4 c5 18. Rae1 h6 19. Qf4 Re6 20. Nh4 Qg5 21. Qf3 Rae8 22. Rg4 Qd2 23. Rd1 Qc3 24. Rd3 Qc1+ 25. Rd1 Qc2 26. Nf5 Rg6 27. Re4 Nd7 28. Rf1 Nxe5 29. Qf4 Nf3+ 30. Qxf3 Qxe4 31. Qxe4 Rxe4 32. g4 Rge6 33. Kg2 Re2 34. Ra1 Rb2 35. Ng3 d3 36. Rd1 d2 37. Nf1 Rxa2 38. Rxd2 Rxd2 39. Nxd2 Re2 40. Nf3 Rb2 41. Ne5 Rxb3 42. Nd7 b6 43. f4 a5 0-1

[Event "Titled Tuesday intern op 28th Dec"]
[Site "Chess.com INT"]
[Date "2021.12.28"]
[Round "1"]
[White "Artemenko, Oleg"]
[Black "Lakshmi, Chidambaram"]
[Result "1-0"]
[WhiteElo "2246"]
[BlackElo "2058"]
[PlyCount "55"]
[EventDate "2021.12.28"]
[EventType "swiss (blitz)"]
[EventRounds "11"]
[EventCountry "USA"]
[SourceTitle "CBM 206 Extra"]
[Source "ChessBase"]
[SourceDate "2022.03.31"]
[SourceVersion "1"]
[SourceVersionDate "2022.03.31"]
[SourceQuality "1"]

1. d4 Nf6 2. Nc3 d5 3. Bf4 Bf5 4. f3 e6 5. g4 Bg6 6. h4 h5 7. g5 Nfd7 8. e3 a6 9. Bd3 Bxd3 10. Qxd3 c5 11. g6 f6 12. O-O-O c4 13. Qe2 b5 14. e4 b4 15. exd5 bxc3 16. dxe6 Nb6 17. d5 cxb2+ 18. Kb1 Bd6 19. Nh3 Bxf4 20. Nxf4 Qd6 21. Qe4 a5 22. e7 Na6 23. Ne6 Rg8 24. Rhe1 Rc8 25. Qf5 Nb4 26. Nf4 Na4 27. Qxc8+ Qd8 28. exd8=Q# 1-0

[Event "Titled Tuesday intern op 28th Dec"]
[Site "Chess.com INT"]
[Date "2021.12.28"]
[Round "1"]
[White "Ashiev, Eduard"]
[Black "Devaev, Alexander"]
[Result "0-1"]
[WhiteElo "2202"]
[BlackElo "2325"]
[PlyCount "62"]
[EventDate "2021.12.28"]
[EventType "swiss (blitz)"]
[EventRounds "11"]
[EventCountry "USA"]
[SourceTitle "CBM 206 Extra"]
[Source "ChessBase"]
[SourceDate "2022.03.31"]
[SourceVersion "1"]
[SourceVersionDate "2022.03.31"]
[SourceQuality "1"]

1. d4 Nf6 2. Nf3 d5 3. c4 e6 4. Nc3 Bb4 5. Qa4+ Nc6 6. e3 O-O 7. Bd2 Bxc3 8. Bxc3 Ne4 9. Rc1 a6 10. Qc2 h6 11. Bd3 Nxc3 12. Qxc3 Qe7 13. a3 Bd7 14. O-O Rae8 15. Rfe1 Qd6 16. e4 dxc4 17. e5 Qe7 18. Bxc4 Rc8 19. Ba2 Nd8 20. Bb1 Bc6 21. Qd3 g6 22. Nd2 Bd5 23. Qg3 Kg7 24. h4 h5 25. Nf1 c5 26. Ne3 Bb3 27. dxc5 Rxc5 28. Nf5+ exf5 29. Qxb3 Rxc1 30. Rxc1 Ne6 31. Qxb7 Qxb7 0-1

[Event "Titled Tuesday intern op 28th Dec"]
[Site "Chess.com INT"]
[Date "2021.12.28"]
[Round "1"]
[White "Avazkhonov, Alikhon"]
[Black "Hjartarson, Johann"]
[Result "1/2-1/2"]
[WhiteElo "1538"]
[BlackElo "2470"]
[PlyCount "93"]
[EventDate "2021.12.28"]
[EventType "swiss (blitz)"]
[EventRounds "11"]
[EventCountry "USA"]
[SourceTitle "CBM 206 Extra"]
[Source "ChessBase"]
[SourceDate "2022.03.31"]
[SourceVersion "1"]
[SourceVersionDate "2022.03.31"]
[SourceQuality "1"]

1. f4 c5 2. Nf3 Nc6 3. g3 g6 4. Bg2 Bg7 5. O-O d5 6. d3 e6 7. e4 Nge7 8. Nc3 O-O 9. Ne2 b6 10. c3 dxe4 11. dxe4 Qxd1 12. Rxd1 Ba6 13. Kf2 Rad8 14. Be3 e5 15. fxe5 Nxe5 16. Nxe5 Bxe5 17. Bh6 Rfe8 18. Nf4 Nc6 19. Rxd8 Rxd8 20. Nd5 f6 21. Rd1 Kf7 22. Ke1 Ne7 23. Nxe7 Rxd1+ 24. Kxd1 Kxe7 25. Kd2 Bc4 26. b3 Ba6 27. Bf4 Kd6 28. Ke3 g5 29. Bxe5+ Kxe5 30. c4 Bb7 31. g4 a5 32. a4 Bc8 33. h3 Be6 34. Bf3 Bf7 35. Be2 Bg6 36. Bf3 h6 37. Bg2 h5 38. Bf3 hxg4 39. hxg4 Bf7 40. Be2 Be6 41. Bf3 Kd6 42. Bd1 Bd7 43. Bf3 Ke5 44. Be2 Bc8 45. Bf3 Bb7 46. Bg2 Bc8 47. Bf3 1/2-1/2

[Event "Titled Tuesday intern op 28th Dec"]
[Site "Chess.com INT"]
[Date "2021.12.28"]
[Round "1"]
[White "Ballester Llagaria, Luis Eduardo"]
[Black "Quirke, Jeffrey"]
[Result "1-0"]
[WhiteElo "2298"]
[BlackElo "2086"]
[PlyCount "87"]
[EventDate "2021.12.28"]
[EventType "swiss (blitz)"]
[EventRounds "11"]
[EventCountry "USA"]
[SourceTitle "CBM 206 Extra"]
[Source "ChessBase"]
[SourceDate "2022.03.31"]
[SourceVersion "1"]
[SourceVersionDate "2022.03.31"]
[SourceQuality "1"]

1. e4 c6 2. Nc3 d5 3. Nf3 Bg4 4. h3 Bh5 5. exd5 cxd5 6. Bb5+ Nc6 7. g4 Bg6 8. Ne5 Rc8 9. d4 e6 10. h4 f6 11. Nxg6 hxg6 12. Qd3 Kf7 13. Bxc6 Rxc6 14. Bd2 Bd6 15. O-O-O Ne7 16. Kb1 a6 17. Ne2 Qc7 18. f4 b5 19. Rdf1 f5 20. h5 gxh5 21. gxh5 Rh6 22. Rfg1 Ng8 23. Qg3 Kf8 24. Ba5 Qf7 25. Nc1 Nf6 26. Nd3 Ng4 27. Ne5 Bxe5 28. fxe5 Rxh5 29. Qf3 Rxh1 30. Rxh1 Qg6 31. Bb4+ Kf7 32. Rh8 Qg5 33. Qh3 Ne3 34. a3 Nxc2 35. Bc3 Qg1+ 36. Kxc2 Qg4 37. Qxg4 fxg4 38. Rh4 g3 39. Rg4 a5 40. Kd3 b4 41. axb4 axb4 42. Bxb4 Rc4 43. Bc3 Rc8 44. Rxg3 1-0

[Event "Titled Tuesday intern op 28th Dec"]
[Site "Chess.com INT"]
[Date "2021.12.28"]
[Round "1"]
[White "Bayramov, Zaur"]
[Black "Jorquera Cahuin, Marcelo Joaquin"]
[Result "1-0"]
[WhiteElo "2357"]
[BlackElo "2233"]
[PlyCount "175"]
[EventDate "2021.12.28"]
[EventType "swiss (blitz)"]
[EventRounds "11"]
[EventCountry "USA"]
[SourceTitle "CBM 206 Extra"]
[Source "ChessBase"]
[SourceDate "2022.03.31"]
[SourceVersion "1"]
[SourceVersionDate "2022.03.31"]
[SourceQuality "1"]

1. b3 Nf6 2. Bb2 g6 3. e3 Bg7 4. Nf3 O-O 5. c4 d6 6. d4 Nbd7 7. d5 e5 8. dxe6 fxe6 9. Nc3 e5 10. Qc2 Nc5 11. e4 Bg4 12. Be2 Nh5 13. h3 Bxf3 14. Bxf3 Nf4 15. O-O-O c6 16. Kb1 Qe7 17. Bg4 h5 18. Bf3 Nce6 19. Ne2 Nxe2 20. Qxe2 c5 21. Rd5 Nd4 22. Bxd4 exd4 23. e5 Bxe5 24. Be4 Kg7 25. f3 h4 26. Bd3 Qg5 27. Rc1 a5 28. a4 Rae8 29. Rc2 Qe3 30. Qd1 Bg3 31. Re2 Qf4 32. Re4 Rxe4 33. Bxe4 Qe3 34. Qc2 Rf6 35. Ka2 Be5 36. Qd3 Qf2+ 37. Qc2 Qg1 38. Bd3 Bg3 39. Rg5 Re6 40. Rxg6+ Rxg6 41. Bxg6 Qe3 42. Bd3 Bf4 43. Qe2 Qxe2+ 44. Bxe2 Kf6 45. Kb1 b6 46. Kc2 Be3 47. Kd3 Ke5 48. Bf1 Kf4 49. Be2 Ke5 50. f4+ Kxf4 51. Bf3 Ke5 52. Bd5 Kf4 53. Ke2 Bg1 54. Kf1 Be3 55. Ke2 Bg1 56. Bf7 Be3 57. Bg6 Kg3 58. Be4 Kf4 59. Kd3 Ke5 60. Bc6 Bg1 61. Bb7 Bh2 62. Ke2 Bf4 63. Kf3 Bg3 64. Be4 Ke6 65. Kg4 Ke5 66. Bd3 Ke6 67. Kg5 Ke5 68. Kg4 Ke6 69. Kf3 Ke5 70. Be2 Ke6 71. Ke4 Be5 72. Bg4+ Ke7 73. Bf5 Kf6 74. Bh7 Kg7 75. Bf5 Kf6 76. Bg4 Kg5 77. Bf3 Kf6 78. Be2 Kg5 79. Bf1 Bh2 80. Be2 Bg3 81. Kd5 Kf4 82. Kc6 Ke3 83. Bh5 d3 84. Kxb6 Kd4 85. Kxa5 Kc3 86. Kb5 Kxb3 87. a5 d5 88. a6 1-0

[Event "Titled Tuesday intern op 28th Dec"]
[Site "Chess.com INT"]
[Date "2021.12.28"]
[Round "1"]
[White "Bilan, Danila"]
[Black "Botea, David Alexandru"]
[Result "1-0"]
[WhiteElo "2303"]
[BlackElo "1909"]
[PlyCount "77"]
[EventDate "2021.12.28"]
[EventType "swiss (blitz)"]
[EventRounds "11"]
[EventCountry "USA"]
[SourceTitle "CBM 206 Extra"]
[Source "ChessBase"]
[SourceDate "2022.03.31"]
[SourceVersion "1"]
[SourceVersionDate "2022.03.31"]
[SourceQuality "1"]

1. d4 Nf6 2. Nf3 e6 3. c4 d5 4. Nc3 Nbd7 5. Bg5 c6 6. cxd5 exd5 7. e3 h6 8. Bh4 g5 9. Bg3 Nh5 10. Bd3 Nxg3 11. hxg3 Bg7 12. Qc2 Nb6 13. O-O-O Qf6 14. Ne5 Be6 15. f4 Qe7 16. Na4 Bxe5 17. fxe5 Nxa4 18. Qxa4 Qd7 19. Rdf1 b6 20. Rf6 h5 21. Qd1 h4 22. gxh4 gxh4 23. Kb1 O-O-O 24. Qa4 Kb8 25. Rc1 Rc8 26. Rf2 h3 27. gxh3 Rxh3 28. Re2 Bg4 29. Ree1 Bf5 30. Qa3 c5 31. Ka1 c4 32. Bxf5 Qxf5 33. Qd6+ Rc7 34. Qd8+ Rc8 35. Qxd5 Qd3 36. Qxf7 Rh2 37. Qe7 Qd2 38. Qd6+ Rc7 39. Qa3 1-0

[Event "Titled Tuesday intern op 28th Dec"]
[Site "Chess.com INT"]
[Date "2021.12.28"]
[Round "1"]
[White "Bodnar, Nikolay"]
[Black "Le, Tuan Minh"]
[Result "0-1"]
[WhiteElo "2438"]
[BlackElo "2514"]
[PlyCount "144"]
[EventDate "2021.12.28"]
[EventType "swiss (blitz)"]
[EventRounds "11"]
[EventCountry "USA"]
[SourceTitle "CBM 206 Extra"]
[Source "ChessBase"]
[SourceDate "2022.03.31"]
[SourceVersion "1"]
[SourceVersionDate "2022.03.31"]
[SourceQuality "1"]

1. e4 c5 2. Nf3 Nf6 3. e5 Nd5 4. Nc3 e6 5. Ne4 f5 6. Nc3 Ne7 7. a3 Ng6 8. b4 cxb4 9. Nb5 a6 10. axb4 Bxb4 11. Ba3 Bxa3 12. Rxa3 O-O 13. d4 Qb6 14. c4 Nc6 15. c5 Qd8 16. Nd6 b6 17. Qa1 bxc5 18. dxc5 a5 19. Bb5 Ba6 20. Bxa6 Rxa6 21. O-O Ra8 22. Rb1 Rb8 23. Rd1 Rb4 24. g3 Qb8 25. h4 h6 26. h5 Nge7 27. Qa2 Rb2 28. Qc4 Qb4 29. Qxb4 Rxb4 30. Rda1 Ra8 31. Kg2 Nd5 32. Rd1 Rb2 33. Rd2 Rxd2 34. Nxd2 Nxe5 35. N2c4 Nxc4 36. Nxc4 a4 37. Nb6 Nxb6 38. cxb6 Rb8 39. Rxa4 Rxb6 40. Ra7 Rd6 41. Kf3 Kf7 42. Kf4 Rd4+ 43. Ke3 Rd5 44. f4 Ke7 45. Ra8 Rb5 46. Rg8 Kf7 47. Rd8 Rb3+ 48. Kf2 Rb7 49. Ke3 d5 50. Kd4 Rb3 51. Rd7+ Kf6 52. Kc5 Rxg3 53. Kd6 Rg4 54. Re7 Rxf4 55. Rxe6+ Kg5 56. Rg6+ Kxh5 57. Rxg7 d4 58. Ke5 Rg4 59. Rf7 Kh4 60. Kxf5 h5 61. Ra7 d3 62. Rd7 Rg3 63. Kf4 Kh3 64. Ra7 h4 65. Ra1 Kh2 66. Ra2+ Rg2 67. Ra3 d2 68. Rd3 h3 69. Rd8 Kh1 70. Kf3 h2 71. Ke3 Kg1 72. Rf8 h1=Q 0-1

[Event "Titled Tuesday intern op 28th Dec"]
[Site "Chess.com INT"]
[Date "2021.12.28"]
[Round "1"]
[White "Bortnyk, Olexandr"]
[Black "Le Goff, Ronan"]
[Result "1-0"]
[WhiteElo "2604"]
[BlackElo "2280"]
[PlyCount "45"]
[EventDate "2021.12.28"]
[EventType "swiss (blitz)"]
[EventRounds "11"]
[EventCountry "USA"]
[SourceTitle "CBM 206 Extra"]
[Source "ChessBase"]
[SourceDate "2022.03.31"]
[SourceVersion "1"]
[SourceVersionDate "2022.03.31"]
[SourceQuality "1"]

1. e4 e5 2. Nf3 Nc6 3. Bb5 Nf6 4. Nc3 Nd4 5. Ba4 Bc5 6. Nxe5 O-O 7. Nd3 Bb6 8. e5 Ne8 9. O-O d6 10. Qh5 Bf5 11. Re1 dxe5 12. Rxe5 Nf6 13. Qh4 Qd6 14. Nb5 Nxb5 15. Rxf5 Nd4 16. Re5 c6 17. Qg3 Bc7 18. c3 Ne6 19. Qf3 Rfe8 20. Bc2 Nf8 21. Rh5 Nxh5 22. Qxh5 Ng6 23. g3 1-0

[Event "Titled Tuesday intern op 28th Dec"]
[Site "Chess.com INT"]
[Date "2021.12.28"]
[Round "1"]
[White "Buker, Muhittin"]
[Black "Shuvalov, Evgenij"]
[Result "0-1"]
[WhiteElo "1967"]
[BlackElo "2182"]
[PlyCount "54"]
[EventDate "2021.12.28"]
[EventType "swiss (blitz)"]
[EventRounds "11"]
[EventCountry "USA"]
[SourceTitle "CBM 206 Extra"]
[Source "ChessBase"]
[SourceDate "2022.03.31"]
[SourceVersion "1"]
[SourceVersionDate "2022.03.31"]
[SourceQuality "1"]

1. d4 Nf6 2. c4 g6 3. Nf3 Bg7 4. Nc3 d5 5. e3 O-O 6. cxd5 Nxd5 7. Bc4 Nxc3 8. bxc3 c5 9. O-O Nc6 10. h3 b6 11. Qe2 Bb7 12. Rd1 Qc7 13. Bb2 Rac8 14. Rac1 e6 15. Bb3 Rfd8 16. d5 exd5 17. Bxd5 Rxd5 18. Rxd5 Nd4 19. cxd4 Bxd5 20. dxc5 Bxb2 21. Qxb2 bxc5 22. Ne5 h5 23. Nc4 Rb8 24. Qd2 Be6 25. e4 Rb4 26. Nd6 Ra4 27. Rc2 Qa5 0-1

[Event "Titled Tuesday intern op 28th Dec"]
[Site "Chess.com INT"]
[Date "2021.12.28"]
[Round "1"]
[White "Buscar, Michael"]
[Black "Rostovtsev, Dmitry"]
[Result "0-1"]
[WhiteElo "2088"]
[BlackElo "2188"]
[PlyCount "64"]
[EventDate "2021.12.28"]
[EventType "swiss (blitz)"]
[EventRounds "11"]
[EventCountry "USA"]
[SourceTitle "CBM 206 Extra"]
[Source "ChessBase"]
[SourceDate "2022.03.31"]
[SourceVersion "1"]
[SourceVersionDate "2022.03.31"]
[SourceQuality "1"]

1. d4 Nf6 2. c4 e6 3. Nc3 Bb4 4. e3 O-O 5. Bd3 d5 6. Nge2 c5 7. O-O dxc4 8. Bxc4 cxd4 9. exd4 Nc6 10. Bg5 h6 11. Bh4 Be7 12. a3 b6 13. Qd3 Bb7 14. Rad1 Rc8 15. Ba2 Nd5 16. Bb1 f5 17. Bxe7 Ncxe7 18. Rfe1 Rf6 19. Ng3 Nf4 20. Qb5 Nxg2 21. Rxe6 Rxe6 22. Ba2 Qd6 23. Nxf5 Nxf5 24. Qxf5 Rce8 25. Nb5 Qd7 26. Nc7 Qxc7 27. Bxe6+ Kh8 28. d5 Nh4 29. Qh5 Qe7 30. d6 Qxe6 31. d7 Qe1+ 32. Rxe1 Rxe1# 0-1

[Event "Titled Tuesday intern op 28th Dec"]
[Site "Chess.com INT"]
[Date "2021.12.28"]
[Round "1"]
[White "Chernyavsky, Alexander"]
[Black "Nesterov, Arseniy"]
[Result "0-1"]
[WhiteElo "2327"]
[BlackElo "2523"]
[PlyCount "44"]
[EventDate "2021.12.28"]
[EventType "swiss (blitz)"]
[EventRounds "11"]
[EventCountry "USA"]
[SourceTitle "CBM 206 Extra"]
[Source "ChessBase"]
[SourceDate "2022.03.31"]
[SourceVersion "1"]
[SourceVersionDate "2022.03.31"]
[SourceQuality "1"]

1. c4 e5 2. Nc3 Bb4 3. Nd5 Bc5 4. e3 Nf6 5. b4 Be7 6. Nxe7 Qxe7 7. Qb3 O-O 8. Bb2 a5 9. a3 b6 10. Nf3 d6 11. Be2 Bb7 12. Rc1 Nbd7 13. O-O Ne4 14. d3 Ng5 15. Nxg5 Qxg5 16. e4 a4 17. Qc3 f5 18. f4 exf4 19. Rxf4 fxe4 20. Rg4 Qe3+ 21. Kh1 Ne5 22. Re1 Qxe2 0-1

[Event "Titled Tuesday intern op 28th Dec"]
[Site "Chess.com INT"]
[Date "2021.12.28"]
[Round "1"]
[White "Coelho, Ramyres Santana"]
[Black "Khabinets, Ivan"]
[Result "0-1"]
[WhiteElo "1981"]
[BlackElo "1980"]
[PlyCount "112"]
[EventDate "2021.12.28"]
[EventType "swiss (blitz)"]
[EventRounds "11"]
[EventCountry "USA"]
[SourceTitle "CBM 206 Extra"]
[Source "ChessBase"]
[SourceDate "2022.03.31"]
[SourceVersion "1"]
[SourceVersionDate "2022.03.31"]
[SourceQuality "1"]

1. e4 e5 2. Nf3 Nc6 3. d3 Nf6 4. Nc3 Bc5 5. Be2 h6 6. O-O a6 7. Be3 d6 8. Bxc5 dxc5 9. h3 O-O 10. a4 b6 11. Re1 a5 12. Bf1 Be6 13. Nb5 Nd7 14. b3 Nd4 15. Nbxd4 cxd4 16. Qd2 f6 17. Nh4 Qe7 18. Ng6 Qc5 19. Nxf8 Nxf8 20. Rec1 Rd8 21. Rab1 Bf7 22. b4 axb4 23. Qxb4 Qc6 24. c4 dxc3 25. Rxc3 Qd7 26. Rbc1 Ne6 27. g3 Rc8 28. a5 bxa5 29. Qxa5 c6 30. Qa6 Nd4 31. Rb1 Rc7 32. Rb8+ Kh7 33. Qa8 Kg6 34. Qa1 Be6 35. f4 Kh7 36. f5 Bg8 37. Qa8 Qf7 38. Ra3 Nf3+ 39. Kh1 Nd4 40. Qa5 Nc2 41. Ra2 Nd4 42. Qd2 Qxa2 43. Qxa2 Bxa2 44. Bg2 Bf7 45. g4 c5 46. h4 c4 47. dxc4 Rxc4 48. g5 hxg5 49. hxg5 fxg5 50. Rb7 Kg8 51. Rb8+ Kh7 52. Rb7 Bg8 53. f6 Ne2 54. Rxg7+ Kh8 55. Bh3 Nf4 56. Bf5 Rc6 0-1

[Event "Titled Tuesday intern op 28th Dec"]
[Site "Chess.com INT"]
[Date "2021.12.28"]
[Round "1"]
[White "Coto Mederos, Michel"]
[Black "Lopez del Alamo, Antonio"]
[Result "1-0"]
[WhiteElo "2348"]
[BlackElo "2275"]
[PlyCount "109"]
[EventDate "2021.12.28"]
[EventType "swiss (blitz)"]
[EventRounds "11"]
[EventCountry "USA"]
[SourceTitle "CBM 206 Extra"]
[Source "ChessBase"]
[SourceDate "2022.03.31"]
[SourceVersion "1"]
[SourceVersionDate "2022.03.31"]
[SourceQuality "1"]

1. d4 Nf6 2. c4 g6 3. Nc3 Bg7 4. e4 d6 5. f3 O-O 6. Be3 b6 7. Nge2 c5 8. Qd2 Nc6 9. d5 Ne5 10. Ng3 a6 11. Be2 h5 12. Bg5 Nh7 13. Bh6 h4 14. Nf1 h3 15. g3 Bxh6 16. Qxh6 Rb8 17. Ne3 Nf6 18. O-O b5 19. b3 bxc4 20. Nxc4 Nxc4 21. Bxc4 Qa5 22. Rac1 Bd7 23. Rf2 Bb5 24. Qxh3 Bxc4 25. bxc4 Rb4 26. Qf1 Rfb8 27. Rfc2 Nd7 28. f4 Nb6 29. Nd1 Na4 30. e5 Nb2 31. e6 f5 32. Qh3 Kg7 33. Qh4 Qc7 34. Ne3 Nd3 35. Rd1 Rb1 36. Qg5 Rxd1+ 37. Nxd1 Ne1 38. Rc3 Rb1 39. Kf2 Rxd1 40. g4 Qd8 41. gxf5 Qe8 42. Rh3 Nd3+ 43. Ke2 Nxf4+ 44. Kxd1 Nh5 45. Qh4 Qa4+ 46. Kc1 Qxa2 47. Qxe7+ Kh6 48. Qf8+ Kg5 49. Qe7+ Kf4 50. Qh4+ Ke5 51. Re3+ Kxf5 52. Qe4+ Kg5 53. e7 Qa1+ 54. Kd2 Qb2+ 55. Qc2 1-0

[Event "Titled Tuesday intern op 28th Dec"]
[Site "Chess.com INT"]
[Date "2021.12.28"]
[Round "1"]
[White "Cruz Ravina, Francisco Javier"]
[Black "Jeet, Jain"]
[Result "1-0"]
[WhiteElo "2411"]
[BlackElo "2279"]
[PlyCount "95"]
[EventDate "2021.12.28"]
[EventType "swiss (blitz)"]
[EventRounds "11"]
[EventCountry "USA"]
[SourceTitle "CBM 206 Extra"]
[Source "ChessBase"]
[SourceDate "2022.03.31"]
[SourceVersion "1"]
[SourceVersionDate "2022.03.31"]
[SourceQuality "1"]

1. e4 g6 2. d4 Bg7 3. Nf3 b6 4. Bd3 Bb7 5. c4 d6 6. Nc3 e6 7. O-O Ne7 8. Re1 O-O 9. Bf4 h6 10. h4 Nd7 11. Qd2 Kh7 12. Bc2 e5 13. dxe5 Nxe5 14. Nxe5 dxe5 15. Qxd8 Raxd8 16. Be3 f5 17. f3 f4 18. Bf2 g5 19. Rad1 Bf6 20. hxg5 hxg5 21. Rxd8 Rxd8 22. Rd1 Rxd1+ 23. Bxd1 c6 24. a4 Nc8 25. a5 bxa5 26. Na4 Be7 27. b3 Kg6 28. Be1 Bd8 29. Kf1 Nd6 30. Bc3 Kf6 31. Nc5 Bc8 32. Ke1 Bc7 33. Nd3 Nf7 34. Bc2 g4 35. Nxf4 Kg5 36. Nd3 g3 37. Ke2 Kf6 38. Be1 Be6 39. Nb2 Bb6 40. Bxg3 Bd4 41. Na4 Nd6 42. Bf2 c5 43. Nxc5 Bxc5 44. Bxc5 Nb7 45. Bxa7 a4 46. bxa4 Bxc4+ 47. Ke3 Ke6 48. Bb6 1-0

[Event "Titled Tuesday intern op 28th Dec"]
[Site "Chess.com INT"]
[Date "2021.12.28"]
[Round "1"]
[White "Csonka, Balazs"]
[Black "Hollan, Petr"]
[Result "1-0"]
[WhiteElo "2480"]
[BlackElo "2285"]
[PlyCount "117"]
[EventDate "2021.12.28"]
[EventType "swiss (blitz)"]
[EventRounds "11"]
[EventCountry "USA"]
[SourceTitle "CBM 206 Extra"]
[Source "ChessBase"]
[SourceDate "2022.03.31"]
[SourceVersion "1"]
[SourceVersionDate "2022.03.31"]
[SourceQuality "1"]

1. e4 c5 2. Nf3 Nc6 3. d4 cxd4 4. Nxd4 Nf6 5. Nc3 e5 6. Ndb5 d6 7. Na3 a6 8. Nc4 Be6 9. Bg5 b5 10. Bxf6 gxf6 11. Ne3 Nd4 12. Ncd5 f5 13. c3 f4 14. cxd4 fxe3 15. Nxe3 Qa5+ 16. Ke2 Qb4 17. Qd2 Qxd2+ 18. Kxd2 exd4 19. Nd5 Bxd5 20. exd5 Bg7 21. Kd3 O-O 22. g3 Rfc8 23. Bh3 Rc7 24. Rhc1 Raa7 25. Rc6 Bf8 26. Rac1 Rcb7 27. R1c2 Kg7 28. Kxd4 Rb8 29. Bc8 a5 30. Rc7 Rxc7 31. Rxc7 Kg6 32. Kd3 Kf6 33. Bg4 Ke5 34. Rxf7 Kxd5 35. Rxh7 Kc5 36. f4 d5 37. Bf3 Rd8 38. Rh5 Bg7 39. b3 a4 40. Rf5 axb3 41. axb3 Ba1 42. h4 Kb4 43. Bxd5 Rc8 44. g4 Rc3+ 45. Ke4 Rh3 46. h5 Rh4 47. Rg5 Rh3 48. Kf5 Bb2 49. Rg6 Bc1 50. g5 Rh2 51. Rf6 Rf2 52. Kg4 Rh2 53. h6 Kc3 54. f5 Kd4 55. Bg8 Rg2+ 56. Kf3 Bxg5 57. Rg6 Rh2 58. h7 Bc1 59. f6 1-0

[Event "Titled Tuesday intern op 28th Dec"]
[Site "Chess.com INT"]
[Date "2021.12.28"]
[Round "1"]
[White "Dahlgren, James Allen"]
[Black "Altman, Joshua"]
[Result "1/2-1/2"]
[WhiteElo "1858"]
[BlackElo "2095"]
[PlyCount "122"]
[EventDate "2021.12.28"]
[EventType "swiss (blitz)"]
[EventRounds "11"]
[EventCountry "USA"]
[SourceTitle "CBM 206 Extra"]
[Source "ChessBase"]
[SourceDate "2022.03.31"]
[SourceVersion "1"]
[SourceVersionDate "2022.03.31"]
[SourceQuality "1"]

1. e4 e6 2. d4 d5 3. e5 c5 4. c3 Nc6 5. Nf3 Qb6 6. a3 c4 7. h4 Na5 8. Nbd2 Bd7 9. h5 h6 10. g4 Ne7 11. Bh3 g5 12. hxg6 Nxg6 13. Nf1 Be7 14. Ng3 O-O-O 15. g5 Nb3 16. Rb1 Nxc1 17. Qxc1 hxg5 18. Nxg5 Bxg5 19. Qxg5 Rdg8 20. Qf6 Rh4 21. Qxf7 Qd8 22. Bxe6 Rxh1+ 23. Nxh1 Bxe6 24. Qxe6+ Kb8 25. Ng3 Nf4 26. Qd6+ Qxd6 27. exd6 Nd3+ 28. Ke2 Rf8 29. f3 Kc8 30. b4 Kd7 31. Rh1 Kxd6 32. Rh7 Re8+ 33. Kd2 Kc6 34. Nf5 Rf8 35. Ne7+ Kd6 36. a4 Rxf3 37. Nc8+ Ke6 38. Nxa7 Rf2+ 39. Ke3 Rc2 40. Nb5 Nb2 41. a5 Nd1+ 42. Kf4 Nxc3 43. Nxc3 Rxc3 44. Rxb7 Rb3 45. Rb6+ Kd7 46. Ke5 c3 47. Kxd5 c2 48. Rc6 Rxb4 49. Rxc2 Rb5+ 50. Rc5 Rb4 51. Ke5 Ra4 52. d5 Ke7 53. Rc7+ Kd8 54. Ra7 Kc8 55. Kd6 Kb8 56. Ra6 Kb7 57. Rb6+ Ka7 58. Kc7 Rxa5 59. d6 Rd5 60. d7 Rxd7+ 61. Kxd7 Kxb6 1/2-1/2